| 000 | 02216nam a22003617a 4500 | ||
|---|---|---|---|
| 001 | 103962 | ||
| 003 | KnowledgeUnlatched | ||
| 005 | 20210303104755.0 | ||
| 006 | m o d | ||
| 007 | cr u|||||||||| | ||
| 008 | 210129p20202020xx o u00| u eng d | ||
| 037 | _5BiblioBoard | ||
| 245 | 0 | 0 |
_aReligious Minorities in the Middle East _bDomination, Self-Empowerment, Accommodation / _cAnne Sofie Roald, Anh Nga Longva. |
| 020 | _a9789004216846 | ||
| 029 | 1 | _ahttps://library.biblioboard.com/ext/api/media/0c094919-d4b1-48c2-a7a8-74ec62016d41/assets/thumbnail.jpg | |
| 040 |
_aScCtBLL _cScCtBLL |
||
| 506 | 0 |
_aAccess copy available to the general public. _fUnrestricted _2star |
|
| 700 | 1 |
_aRoald, Anne Sofie _eeditor. |
|
| 700 | 1 |
_aNga Longva, Anh _eeditor. |
|
| 264 | 1 | _bBrill, | |
| 300 | _a1 online resource (1 p.) | ||
| 520 | _aThe relationship between religious majorities and minorities in the Middle East is often construed as one of domination versus powerlessness. While this may indeed be the case, to claim that this is only or always so is to give a simplified picture of a complex reality. Such a description lays emphasis on the challenges faced by the minorities, while overlooking their astonishing ability to mobilize internal and external resources to meet these challenges. Through the study of strategies of domination, resilience, and accommodation among both Muslim and non-Muslim minorities, this volume throws into relief the inherently dynamic character of a relationship which is increasingly influenced by global events and global connections. | ||
| 588 | 0 | _aDescription based on print version record. | |
| 590 | _aKU Select 2019: HSS Backlist Books | ||
| 650 | 7 |
_aSocial Science / Sociology _2bisacsh |
|
| 650 | 0 | _aSocial sciences | |
| 655 | 0 | _aElectronic books. | |
| 758 |
_iIs found in: _aKnowledge Unlatched _1https://openresearchlibrary.org/module/2774bc74-146a-484f-a7ba-ab1d6a09bbfb |
||
| 856 | 4 | 0 |
_uhttps://openresearchlibrary.org/content/0c094919-d4b1-48c2-a7a8-74ec62016d41 _zView this content on Open Research Library. _70 |
| 999 |
_c32590 _d32590 |
||